A 12 Revay Hotel*** superior bemutatása és elemzése

Bibliographic Details
Main Author: Kőszegi Fanni
Other Authors: Lenkovics Dr. Beatrix
Format: Project work
Kulcsszavak:12 Revay Hotel
fenntarthatóság
Reggeliztetés
SWOT-elemzés
trendek
Online Access:http://dolgozattar.uni-bge.hu/60284

MARC

LEADER 00000nnm a2200000 i 4500
001 dolg60284
005 20260409150239.0
008 260409suuuu hu o 000 hun d
040 |a BGE Dolgozattár Repozitórium  |b hun 
041 |a hu 
100 1 |a Kőszegi Fanni 
245 1 2 |a A 12 Revay Hotel*** superior bemutatása és elemzése  |c Kőszegi Fanni  |h [elektronikus dokumentum] 
516 |a Project_work 
520 3 |a Projektmunkámban a 12 Revay Hotel*** superior működését mutatom be és elemzem.Gyakorlatom során szerzett tapasztalatom és kutatásom segítségével ismertetem a hotel működését, a szolgáltatásait, a vendégkörét, valamint a bár és reggeli kínálatát. Emellett SWOT-analízis módszerével elemzem a hotel erősségeit, gyengeségeit, lehetőségeit és veszélyeit. Ezenfelül három interjút készítettem a hotelben dolgozó személyzettel, amelynek elemzésével megalapoztam kutatásomat és a feltett kutatási kérdéseimet. 
695 |a 12 Revay Hotel 
695 |a fenntarthatóság 
695 |a Reggeliztetés 
695 |a SWOT-elemzés 
695 |a trendek 
700 1 |a Lenkovics Dr. Beatrix  |e ths 
856 4 0 |u http://dolgozattar.uni-bge.hu/60284/1/K%C5%91szegi%20Fanni_Projektmunka_2025.pdf  |z Dokumentum-elérés 
856 4 0 |u http://dolgozattar.uni-bge.hu/60284/2/5.%20K%C5%91szegi%20Fanni%20B%C3%ADr%C3%A1lati%20lap_FOSZK_2025.pdf  |z Dokumentum-elérés